[Event "Chinese-ch Women 2020"]
[Site "Xinghua"]
[Date "2020.12.19"]
[Round "1.1"]
[White "Ni, Shiqun"]
[Black "Guo, Qi"]
[Result "1/2-1/2"]
[WhiteElo "2389"]
[BlackElo "2418"]
[Annotator "TA"]
[PlyCount "60"]
[EventDate "2020.12.19"]
[EventType "tourn"]
[EventCountry "CHN"]
[SourceTitle "playchess.com"]
[Source "ChessBase"]
[SourceQuality "1"]

{[%evp 10,60,11,2,25,15,25,25,20,12,38,30,24,1,30,29,42,41,34,27,43,39,38,38,45,42,41,38,36,41,44,41,35,39,35,30,43,32,32,0,39,0,4,0,5,0,0,0,19,11,8,-6,0]} 1. e4 e6 2. d4 d5 3. exd5 exd5 4. Nf3 Nf6 5. Bd3 Bd6 6. Qe2+ Be7 {6...Be6 gains popularity. C01: French: Exchange Variation.} 7. O-O O-O 8. Re1 Bd6 {White has an edge.} 9. Bg5 Bg4 (9... h6 $5 {[%cal Rh6g5]} 10. Bxf6 Qxf6 $11) 10. Nbd2 Nbd7 11. Qf1 {[#]} Bxf3 $146 ({Predecessor:} 11... c6 12. Ne5 Qb6 13. c3 Rfe8 14. Nxg4 Nxg4 15. Bf5 Ngf6 16. Qd3 Qc7 17. Qh3 Rxe1+ 18. Rxe1 {½-½ (30) Fernandes,J (2044)-Lopez Gonzalez,A (2219) Guimaraes 2019}) 12. Nxf3 c6 13. Re2 h6 14. Bd2 Qc7 15. g3 Rae8 16. Rae1 Rxe2 17. Rxe2 Re8 18. Rxe8+ Nxe8 19. Qe2 Ndf6 20. b3 (20. Kg2 {seems wilder.} Qd8 21. b3 Nc7 22. c4 Qe7 23. c5) 20... Qe7 21. Qxe7 Bxe7 22. Kf1 Nd6 23. Bb4 Kf8 24. Ne5 Nde4 (24... Nb5 $5 {[%cal Re7b4]} 25. Bxe7+ Kxe7 $11) 25. Bxe7+ (25. Be1 {keeps more tension.} Bd6 26. f3 Ng5 27. Bc3 Ke7 28. Bb2) 25... Kxe7 $14 {KBN-KNN. The position is equal.} 26. f3 Nd6 27. Ke2 Nd7 28. Ke3 a5 29. a3 Nf8 30. a4 f6 {Weighted Error Value: White=0.08/Black=0.08} 1/2-1/2

[Event "Chinese-ch Women 2020"]
[Site "Xinghua"]
[Date "2020.12.19"]
[Round "1.2"]
[White "Zhai, Mo"]
[Black "Song, Yuxin"]
[Result "1/2-1/2"]
[WhiteElo "2366"]
[BlackElo "2290"]
[Annotator "TA"]
[PlyCount "73"]
[EventDate "2020.12.19"]
[EventType "tourn"]
[EventCountry "CHN"]
[SourceTitle "playchess.com"]
[Source "ChessBase"]
[SourceQuality "1"]

{[%evp 20,73,28,16,37,16,9,10,8,16,14,8,30,0,33,0,0,-25,0,0,46,23,43,0,0,-44,-30,-67,-20,-22,-33,-72,-57,-147,-150,-141,-140,-140,-140,-143,-136,-136,-143,-165,-159,-202,-133,-115,0,0,0,-119,-27,-37,0,-109]} 1. c4 e6 2. Nc3 d5 3. d4 Nf6 4. cxd5 exd5 5. Bg5 c6 6. e3 Be7 7. Qc2 Nbd7 8. Bd3 Nh5 9. Bxe7 Qxe7 10. Nge2 Nb6 11. O-O g6 {D36: Queen's Gambit Declined: Exchange Variation: Main line (5 Bg5 c6 6 Qc2).} 12. Rae1 O-O 13. Nc1 Ng7 14. f3 Be6 15. Nb3 Nd7 {[#]} 16. e4 $146 ({Predecessor:} 16. Qf2 c5 17. Nxc5 Nxc5 18. dxc5 Qxc5 19. Rc1 Rac8 20. Ne2 Qa5 21. Nd4 Rxc1 22. Rxc1 Qxa2 {½-½ (29) Borsuk,K (2431)-Vashchilov,S (2176) chess.com INT 2020}) 16... Rac8 17. Qf2 Qb4 18. Qe3 Rfe8 19. Bc2 a6 20. Qf4 Nh5 21. Qh4 dxe4 22. Rxe4 Nhf6 23. Ree1 Bc4 (23... Bxb3 $5 24. Bxb3 Kg7 $11) 24. Rxe8+ Rxe8 25. Rd1 Nd5 $36 {[%mdl 2048] Black has the initiative.} 26. Re1 (26. Ne4 $1 $15) 26... Rxe1+ $17 27. Qxe1 Bxb3 {[%mdl 64] [#] Discovered Attack} 28. Bxb3 Qxd4+ 29. Kh1 Nc5 30. Bxd5 cxd5 31. Qe7 Nd3 {[#] ( -> ...Nf2+)} 32. h3 Nxb2 33. Ne2 Qa4 (33... Qd1+ $17 34. Kh2 Nd3) 34. Nc3 $1 $11 {[%cal Rc3a4]} Qd4 (34... Qc4 $11 35. Qe8+ (35. Qd8+ Kg7 $17) 35... Kg7 36. Qe5+ Kh6 37. Qe3+ Kg7 38. Qe5+ Kh6 39. Qe3+ Kg7 40. Qe5+) 35. Ne2 $1 $17 {[%cal Re2d4]} Qb6 (35... Qd1+ $17 36. Kh2 Nd3) 36. Nf4 $1 $11 Qd4 (36... Kg7 $15 37. Nxd5 Qe6 38. Qxb7 Nc4) 37. Ne2 {Weighted Error Value: White=0.14/Black=0.24} 1/2-1/2

[Event "Chinese-ch Women 2020"]
[Site "Xinghua"]
[Date "2020.12.19"]
[Round "1.3"]
[White "Yuan, Ye"]
[Black "Xiao, Yiyi"]
[Result "1/2-1/2"]
[WhiteElo "2081"]
[BlackElo "2301"]
[Annotator "TA"]
[PlyCount "65"]
[EventDate "2020.12.19"]
[EventType "tourn"]
[EventCountry "CHN"]
[SourceTitle "playchess.com"]
[Source "ChessBase"]
[SourceQuality "1"]

{[%evp 15,65,0,93,27,39,22,20,19,22,2,5,-17,-17,-24,-22,-11,-15,-39,-42,-43,-32,-31,-5,-17,-17,-45,-34,-49,-11,-12,-12,-12,-12,-6,-11,-11,-15,-12,-10,-10,0,-11,0,0,0,0,0,0,0,0,0,0]} 1. d4 Nf6 2. c4 g6 3. Nc3 d5 4. cxd5 Nxd5 5. e4 Nxc3 6. bxc3 Bg7 7. Nf3 c5 8. Rb1 Qa5 (8... O-O $1 $11 {remains equal.}) 9. Bb5+ {D85: Exchange Grünfeld: Unusual White 7th moves and lines with 7 Nf3.} (9. Rb5 $16 Qxa2 10. Rxc5) 9... Bd7 10. Bxd7+ $1 Nxd7 11. O-O $1 ({But not} 11. Rxb7 cxd4 12. Qb3 Rc8 $17) 11... Nb6 {[%cal Bd7b6,Bb6a4,Ba4c3][%mdl 32] [#]} 12. Qe2 $146 ({Predecessor:} 12. Qb3 O-O 13. Bd2 Rac8 14. d5 Qa6 15. Rfc1 Qd3 16. Qc2 c4 17. Nd4 Bxd4 18. cxd4 {½-½ (49) Lyrberg,P (2427)-Dubessay,B (2272) Agneaux 2010}) 12... O-O 13. Bg5 Na4 14. Bd2 Nxc3 15. Bxc3 Qxc3 16. Rfc1 Qa3 17. dxc5 Rac8 18. h4 Rfd8 19. Rc2 Rc7 20. e5 e6 ({Don't play} 20... Rxc5 21. Rxb7 h6 22. Rc7 $11) 21. h5 Qd3 22. Qxd3 {The position is equal.} Rxd3 23. Rcb2 Rdd7 24. c6 Rxc6 {next ...b6 is good for Black.} 25. Rxb7 Rxb7 26. Rxb7 gxh5 27. Rxa7 $11 {[%mdl 4096] Endgame KRB-KRN} Bh6 28. Kh2 h4 29. Ra4 Rc2 30. Rxh4 Bc1 31. Kg3 Rxa2 32. Rc4 Bh6 33. Rg4+ {Accuracy: White = 88%, Black = 89%.} 1/2-1/2

[Event "Chinese-ch Women 2020"]
[Site "Xinghua"]
[Date "2020.12.19"]
[Round "1.4"]
[White "Yan, Tianqi"]
[Black "Tan, Zhongyi"]
[Result "1-0"]
[WhiteElo "2207"]
[BlackElo "2510"]
[Annotator "TA"]
[PlyCount "103"]
[EventDate "2020.12.19"]
[EventType "tourn"]
[EventCountry "CHN"]
[SourceTitle "playchess.com"]
[Source "ChessBase"]
[SourceQuality "1"]

{[%evp 13,103,20,29,-3,10,12,10,2,22,16,31,14,47,45,57,25,68,60,64,61,64,52,83,39,59,40,34,30,32,15,36,15,5,4,70,21,58,38,62,55,54,-36,46,47,35,54,50,40,122,115,109,118,133,147,185,192,268,261,263,275,260,261,333,314,418,416,409,402,391,386,479,455,433,403,454,454,423,430,666,653,708,700,1515,1323,29973,29961,5466,5455,29979,29979,5073,5073]} 1. Nf3 c5 2. e4 d6 3. d4 cxd4 4. Nxd4 Nf6 5. Nc3 e6 6. Be2 Be7 7. O-O O-O 8. Kh1 {B83: Sicilian Scheveningen: 6 Be2, lines without ...a6.} e5 9. Nb3 {[#]} b6 $146 ({Predecessor:} 9... Qc7 10. a4 Be6 11. Be3 Nbd7 12. f4 Rac8 13. Rc1 Rfd8 14. f5 Bc4 15. g4 d5 16. Bxc4 Qxc4 {0-1 (25) Veys,V (2201)-Zhigalko,A (2600) Lille 2014}) 10. Bg5 {[#] Hoping for Bxf6.The position is equal.} Nbd7 11. f3 Bb7 12. a4 a6 13. Be3 Rc8 14. Rf2 Qc7 15. Bf1 h6 16. Rd2 Rfe8 17. Nc1 Rcd8 18. N1e2 h5 19. Ng3 g6 20. Bg5 Kg7 21. Qe1 Rh8 22. Rad1 h4 23. Nge2 Nf8 (23... h3 $11) 24. Nc1 (24. Bxh4 $2 {[#]} Rxh4 $1 {[%mdl 512]} 25. Qxh4 Nxe4 $19) 24... Ne6 25. Be3 $1 Nh5 26. Qf2 Nc5 27. b4 (27. Nd3 $14) 27... Nd7 (27... Ng3+ $1 $15 28. Kg1 Nxf1 29. Qxf1 Nd7) 28. Bxa6 $1 $14 {aiming for Nb5.} Qxc3 ({Avoid the trap} 28... Bxa6 $2 29. Nd5 $18) (28... Ng3+ $6 29. Kg1 $18) 29. Bxb7 Qxb4 30. Bc6 {Strongly threatening Nd3.} Qc4 {White stays focused until the end.} (30... Nc5 $14) 31. Bb5 $16 Qc8 32. Nd3 ({But not} 32. Bxb6 Nxb6 33. Qxb6 d5 $15) 32... Nc5 33. Nb4 Ng3+ 34. Kg1 Ngxe4 (34... Nh5 $142 35. Nc6 {[%mdl 64] Double Attack} Qc7 36. Nxd8 Rxd8) 35. fxe4 $18 Nxe4 36. Qf3 Nxd2 37. Rxd2 Qe6 38. Qd5 ({Don't do} 38. Bxb6 $6 Rb8 $18) 38... Rc8 39. Qxe6 fxe6 40. Nc6 Bf8 41. Bxb6 Rh5 42. a5 {[%cal Ba4a5,Ba5a6,Ba6a7][%mdl 32]} e4 43. c4 d5 44. cxd5 exd5 45. a6 Kh7 (45... d4 $142 46. Bxd4+ Kh7) 46. a7 d4 47. Ba6 Re8 48. Rxd4 Bc5 49. Bxc5 Rxc5 50. Rd8 Rc1+ 51. Kf2 e3+ 52. Kf3 {Weighted Error Value: White=0.11/Black=0.58} 1-0

[Event "Chinese-ch Women 2020"]
[Site "Xinghua"]
[Date "2020.12.19"]
[Round "1.5"]
[White "Hu, Yu A."]
[Black "Gu, Xiaobing"]
[Result "1-0"]
[WhiteElo "2094"]
[BlackElo "2263"]
[Annotator "TA"]
[PlyCount "77"]
[EventDate "2020.12.19"]
[EventType "tourn"]
[EventCountry "CHN"]
[SourceTitle "playchess.com"]
[Source "ChessBase"]
[SourceQuality "1"]

{[%evp 19,77,26,34,31,33,41,37,24,52,66,40,49,80,55,76,74,96,78,98,73,68,74,91,80,103,105,106,103,119,110,105,87,137,140,139,146,147,142,260,249,285,250,335,285,291,291,227,0,0,0,0,0,1942,842,1004,1002,987,912,29998,29999]} 1. e4 c5 2. Nf3 d6 3. d4 cxd4 4. Nxd4 Nf6 5. Nc3 a6 6. Be3 e5 7. Nb3 Be6 8. f3 Nbd7 9. g4 Be7 10. Qd2 Rc8 11. g5 {B90: Sicilian Najdorf: Unusual White 6th moves, 6 Be3 Ng4 and 6 Be3 e5.} Nh5 12. O-O-O b5 13. Kb1 {White is slightly better.} O-O 14. Nd5 Bxd5 15. exd5 f5 16. gxf6 Rxf6 17. Na5 Nf4 ({Don't go for} 17... Rxf3 $2 18. Nc6 $16) 18. Nc6 Qe8 19. c4 {[#]} bxc4 $146 ({Predecessor:} 19... Bd8 20. Nxd8 Qxd8 21. cxb5 axb5 22. Bxb5 Nb6 23. Qa5 {1-0 (23) Popvasilev,K (2080)-Reddmann,H (2275) Hamburg 2018}) 20. Bxc4 Nb8 21. Rc1 Nxc6 22. dxc6+ Kh8 23. Bxf4 Rxf4 {[#]} 24. Bd5 $1 Bd8 25. Be4 Rf6 26. Qd3 a5 27. Rc3 {[%cal Bc1c3,Bc3b3,Bb3b7][%mdl 32]} Bb6 28. Rb3 Bd4 (28... Qd8 $16 29. Rb5 Qc7) 29. Rb7 $18 Qe6 30. Qb5 ({Worse is} 30. Bxh7 d5 $15) 30... Rff8 31. Qd5 Qh3 32. Qxd6 Rxf3 {Threatens to win with ...Rf1+.} 33. Bxf3 $2 $40 {[%mdl 128] Black needs to defend precisely.} ({White should try} 33. Ka1 $18 Rf2 34. c7) 33... Qxf3 $11 {[%mdl 64] [#] Double Attack} 34. Rc1 {Black must now prevent Rb8.} Qd3+ 35. Rc2 {Hoping for Rb8.} e4 $2 {[%mdl 8192]} (35... Qd1+ $11 36. Rc1 Qd3+ 37. Rc2 Qf1+ 38. Rc1 Qd3+) 36. Rd7 (36. Rb8 $142 Qd1+ 37. Rc1 Qd3+ 38. Ka1) 36... Qd1+ 37. Rc1 {White threatens Rd8+ and mate.} Qd3+ 38. Ka1 {Rd8+ would kill now.} Qd2 39. Rd8+ {[%mdl 64] Back Rank.  Weighted Error Value: White=0.19/Black=0.55} 1-0

[Event "Chinese-ch Women 2020"]
[Site "Xinghua"]
[Date "2020.12.19"]
[Round "1.6"]
[White "Li, Xueyi"]
[Black "Ning, Kaiyu"]
[Result "0-1"]
[WhiteElo "2328"]
[BlackElo "2327"]
[Annotator "TA"]
[PlyCount "66"]
[EventDate "2020.12.19"]
[EventType "tourn"]
[EventCountry "CHN"]
[SourceTitle "playchess.com"]
[Source "ChessBase"]
[SourceQuality "1"]

{[%evp 13,66,0,8,8,-1,-8,-5,-17,-14,-21,-11,-31,-27,-27,-18,-18,-5,-19,-22,-23,-24,-65,-20,-36,-5,-28,-29,-33,-38,-58,-68,-66,-56,-103,-99,-445,-440,-591,-587,-580,-580,-668,-666,-677,-627,-716,-696,-829,-785,-840,-827,-1072,-1058,-1196,-1543]} 1. d4 d5 2. Nf3 Nf6 3. g3 Bf5 4. Bg2 c6 5. O-O h6 6. c4 e6 7. Nc3 Be7 8. a3 {D11: Slav Defence: 3 Nf3 sidelines and 3...Nf6 4 e3 Bg4.} Nbd7 9. Nd2 O-O {[#]} 10. b3 $146 {[#]The position is equal.} ({Predecessor:} 10. Re1 c5 11. e3 dxc4 12. Nxc4 Rb8 13. a4 Nb6 14. Nxb6 Qxb6 15. a5 Qa6 16. e4 {½-½ (48) Young,A (2330)-Kekelidze,M (2509) Wheeling 2013}) 10... b5 $1 {[%mdl 512]} 11. e4 (11. cxb5 cxb5) 11... dxe4 12. Ndxe4 bxc4 13. bxc4 {[%cal Bb3c4,Bc4c5][%mdl 32]} Nb6 14. c5 $1 {[%cal Rc5b6]} Nbd5 15. Bd2 Rb8 16. Re1 Qd7 17. Qc1 Rb3 18. Nxd5 Nxd5 19. Qc4 Rb7 20. Rac1 Rfb8 21. Qa6 Rb2 {And now ...Bxe4 would win.} 22. Rcd1 Bg4 23. f3 Bf5 24. Nc3 $2 {[%mdl 8192] [#] Now White is beyond hope.} (24. Bc1 $17 {is tougher.} R2b3 25. Qc4) 24... Rxd2 $1 $19 {[%mdl 512] Black is clearly winning.} 25. Nxd5 {[#]} (25. Rxd2 Nxc3) 25... Rxg2+ $1 {[%mdl 512]} 26. Kxg2 {Strongly threatening Qxc6!} Qxd5 27. Qe2 Rb3 28. Qf2 Rxa3 29. Re5 Qc4 30. Rd2 Bf6 31. Re3 Bxd4 32. Rxd4 Qxd4 33. Rxa3 {[#]} Bh3+ $1 {[%mdl 512] Weighted Error Value: White=0.68/Black=0.05} 0-1

[Event "Chinese-ch Women 2020"]
[Site "Xinghua"]
[Date "2020.12.20"]
[Round "2.1"]
[White "Guo, Qi"]
[Black "Ning, Kaiyu"]
[Result "1/2-1/2"]
[WhiteElo "2418"]
[BlackElo "2327"]
[Annotator "TA"]
[PlyCount "65"]
[EventDate "2020.12.19"]
[EventType "tourn"]
[EventCountry "CHN"]
[SourceTitle "playchess.com"]
[Source "ChessBase"]
[SourceQuality "1"]

{[%evp 21,65,1,23,17,23,25,27,31,31,18,31,12,26,25,44,13,15,7,18,12,13,0,0,0,0,0,0,0,0,0,0,0,13,15,22,6,14,0,6,0,0,0,0,0,0,0]} 1. d4 d5 2. c4 e6 3. Nc3 Nf6 4. cxd5 Nxd5 5. e4 Nxc3 6. bxc3 c5 7. Nf3 cxd4 8. cxd4 Bb4+ 9. Bd2 Bxd2+ 10. Qxd2 O-O 11. Bc4 Nd7 12. O-O {D41: Queen's Gambit Declined: Semi-Tarrasch with 5 cxd5.} b6 13. a4 Bb7 14. Bd3 {White has an edge.} Nf6 15. Rfe1 h6 16. a5 bxa5 17. Rxa5 Qc7 18. Rc5 Qe7 {The position is equal.} 19. Qa5 Rfc8 20. Rxc8+ Rxc8 {[#]} 21. h3 $146 ({Predecessor:} 21. Qxa7 Qb4 22. Qa1 Rc3 23. Qb1 Qxb1 24. Bxb1 Rb3 25. h3 {½-½ (33) Gozzoli,Y (2596)-Gharamian,T (2614) Nimes 2018}) 21... Qc7 22. Qxc7 Rxc7 23. Ne5 Nd7 24. Ra1 Nxe5 25. dxe5 $11 {[%mdl 4096] Endgame KRB-KRB} a6 26. f3 Rc5 27. Rb1 Rc3 28. Bf1 Rc7 29. Ra1 g5 30. Bxa6 Bxa6 31. Rxa6 Rc5 32. Kf2 Rxe5 33. Kg3 {Weighted Error Value: White=0.06/Black=0.03} 1/2-1/2

[Event "Chinese-ch Women 2020"]
[Site "Xinghua"]
[Date "2020.12.20"]
[Round "2.2"]
[White "Gu, Xiaobing"]
[Black "Li, Xueyi"]
[Result "1-0"]
[WhiteElo "2263"]
[BlackElo "2328"]
[Annotator "TA"]
[PlyCount "77"]
[EventDate "2020.12.19"]
[EventType "tourn"]
[EventCountry "CHN"]
[SourceTitle "playchess.com"]
[Source "ChessBase"]
[SourceQuality "1"]

{[%evp 13,77,0,0,0,0,0,0,0,0,0,17,12,45,32,40,37,31,26,41,29,52,43,43,52,48,70,34,22,77,77,77,75,99,27,74,39,172,55,17,14,155,158,381,314,648,645,613,633,890,892,810,784,749,697,991,1000,900,775,1175,1102,29981,29982,29992,29993,29993,1437]} 1. e4 c6 2. d4 d5 3. exd5 cxd5 4. c4 Nf6 5. Nc3 Nc6 6. Bg5 Be6 7. Bxf6 exf6 8. c5 {B13: Caro-Kann: Exchange Variation and Panov-Botvinnik Attack.} g6 9. Bb5 Bg7 10. Nge2 {The position is equal.} O-O 11. O-O Qc7 12. Rb1 Ne7 {[#]} 13. Bd3 $146 ({Predecessor:} 13. Qd2 g5 14. f4 g4 15. f5 Nxf5 16. Nf4 Bh6 17. Ncxd5 Qd8 18. Qd3 Nh4 19. Nh5 {1-0 (34) Chow,M-Hill,R (2225) Melbourne 1998}) 13... a6 14. b4 f5 15. Qd2 Nc6 16. Bc2 Qd8 17. a4 Qf6 {[%cal Rc6d4]} 18. Rfd1 f4 19. Nxf4 Nxd4 20. Nfxd5 Bxd5 (20... Qh4 $11 {remains equal.}) 21. Nxd5 $16 Qe5 22. Bb3 Rad8 {[#]} 23. Qa2 ({White should try} 23. Qe3 $1 $16) 23... Rfe8 {Black wants to play ...Ne2+.} 24. Ne3 {[%cal Bd5e3,Be3g4,Bg4e5][%mdl 32]} Qf4 (24... Re7 $14) 25. Re1 ({Better is} 25. Bd5 $18) 25... Re5 $14 26. Bd5 Rh5 (26... Rexd5 $1 $11 {keeps the balance.} 27. Nxd5 Qg5) 27. g3 $16 Qh6 $2 (27... Nf3+ $16 {might work better.} 28. Bxf3 Qxf3) 28. Bxb7 $18 Kh8 $2 (28... a5 29. h4 Bf8) 29. Ng4 Qg5 30. Qxf7 {[#] Re8+ would kill now.} h6 31. Re7 {[%csl Ge7][%cal Rf7g7]} Rg8 32. Rbe1 {Threatening mate with Re8.} Qf5 33. Qxf5 gxf5 34. Ne5 Bf6 35. Rd7 Nc2 36. Nf7+ Kg7 37. Re6 {White mates.} Nxb4 38. Ng5+ Kg6 39. Nf3 {Weighted Error Value: White=0.18/Black=0.55} (39. Nh7 $142 Nd5 40. Bxd5 Rh4 41. Rxf6+ {[%mdl 64] Discovered Attack} Kh5 42. Bf3+ Rhg4 43. Rdd6 R8g6 44. Rxg6 {[%mdl 64] Pin} f4 45. Bxg4#) 1-0

[Event "Chinese-ch Women 2020"]
[Site "Xinghua"]
[Date "2020.12.20"]
[Round "2.3"]
[White "Tan, Zhongyi"]
[Black "Hu, Yu A."]
[Result "1-0"]
[WhiteElo "2510"]
[BlackElo "2094"]
[Annotator "TA"]
[PlyCount "55"]
[EventDate "2020.12.19"]
[EventType "tourn"]
[EventCountry "CHN"]
[SourceTitle "playchess.com"]
[Source "ChessBase"]
[SourceQuality "1"]

{[%evp 21,55,10,18,0,6,13,14,8,5,-2,-4,0,15,-6,0,0,0,0,14,0,25,33,98,100,104,120,114,104,105,82,331,328,528,519,865,850]} 1. c4 e6 2. Nc3 d5 3. d4 Nf6 4. cxd5 exd5 5. Bg5 Be7 6. e3 c6 7. Qc2 Nbd7 8. Bd3 Nh5 9. Bxe7 Qxe7 10. Nge2 g6 11. O-O-O Nb6 12. Ng3 {D36: Queen's Gambit Declined: Exchange Variation: Main line (5 Bg5 c6 6 Qc2).} Nf6 13. Kb1 Be6 14. f3 {The position is equal.} O-O-O 15. Rhe1 {[#]} h5 $146 ({Predecessor:} 15... Kb8 16. Na4 Nxa4 17. Qxa4 Nd7 18. Rc1 Rc8 19. e4 Nb6 20. Qa5 Rhd8 21. Ne2 Qh4 {0-1 (28) Dobos,J (2311)-Szabo,Z (2369) Hungary 2002}) 16. Nge2 Kb8 17. Nc1 h4 18. h3 Nh5 19. Nb3 Ng3 20. a4 {[%cal Ba2a4,Ba4a5,Ba5b6][%mdl 32]} Bf5 21. e4 dxe4 (21... Be6 $1 $14) 22. fxe4 $16 Be6 {[#]} 23. a5 $1 {[%cal Ra5b6]} Qb4 24. d5 $1 $36 {[%cal Rd5e6][%mdl 2048] White is on the roll.} cxd5 {[#]} 25. Na2 $1 {[%cal Ra2b4]} ({Not} 25. axb6 dxe4 26. bxa7+ Ka8 $17) 25... Qa4 $2 (25... Qe7 $16) 26. axb6 $18 Rc8 $2 (26... axb6 27. Nc3 Qb4) 27. Nc3 Rxc3 (27... Qb4 $142 28. bxa7+ Kxa7 29. exd5 Bd7) 28. Qxc3 {Weighted Error Value: White=0.04/Black=0.37} 1-0

[Event "Chinese-ch Women 2020"]
[Site "Xinghua"]
[Date "2020.12.20"]
[Round "2.4"]
[White "Xiao, Yiyi"]
[Black "Yan, Tianqi"]
[Result "1/2-1/2"]
[WhiteElo "2301"]
[BlackElo "2207"]
[Annotator "TA"]
[PlyCount "180"]
[EventDate "2020.12.19"]
[EventType "tourn"]
[EventCountry "CHN"]
[SourceTitle "playchess.com"]
[Source "ChessBase"]
[SourceQuality "1"]

{[%evp 17,180,30,18,21,31,29,29,22,22,26,20,32,27,33,20,26,26,17,17,17,22,17,13,12,12,8,13,11,23,8,7,0,66,68,104,83,92,89,89,46,54,51,51,59,79,83,80,78,89,30,51,10,10,8,185,187,201,174,185,189,179,103,92,68,93,91,486,484,458,420,383,209,189,139,167,164,159,112,283,281,855,433,1306,870,1117,1009,6057,295,247,284,301,250,244,228,131,0,0,0,0,0,0,0,0,0,0,0,0,0,0,0,0,0,0,0,0,0,0,0,0,0,0,0,0,0,0,0,0,0,0,0,0,0,0,0,0,0,0,0,0,0,0,0,0,0,0,0,0,0,0,0,0,0,0,0,0,0,0,0,0,0,0,0,0,0,0]} 1. d4 Nf6 2. c4 e6 3. g3 d5 4. Bg2 dxc4 5. Nf3 Nc6 6. Qa4 Bb4+ 7. Bd2 Nd5 8. Bxb4 Ndxb4 9. O-O Rb8 10. Na3 {E04: Open Catalan: 5 Nf3.} O-O 11. Qb5 b6 12. Qxc4 {White has an edge.} Ba6 13. Nb5 Qd5 14. Qxd5 Nxd5 15. a4 Na5 16. Ne5 Rbd8 $1 17. Nxa7 Nb4 18. Rac1 Rxd4 19. Nb5 Bxb5 20. axb5 f6 21. e3 Rdd8 22. Nf3 {aiming for Nd4.} Rf7 23. Nd4 Re7 24. Ra1 {[#] Black must now prevent Ra4.} Rd6 $146 (24... e5 $1 $11 25. Nf5 Red7) ({Predecessor:} 24... e5 25. Nf5 Red7 26. Ra4 c5 27. bxc6 Naxc6 28. g4 g6 29. Ng3 Kf7 30. h4 Rd2 {1-0 (79) Bosiocic,M (2611)-Sanikidze,T (2501) Batumi 2018}) 25. Ra4 $14 Nd3 26. b4 $36 {[%mdl 2048] White is on the roll.} Nc4 27. Be4 Nde5 {With the idea ...Nd2.} 28. Ra8+ Kf7 {Threatening ...Nd2.} 29. Bxh7 Nd2 30. Rc1 Ndf3+ 31. Nxf3 Nxf3+ 32. Kg2 Ne5 33. Bb1 (33. Bg8+ $1 $16 Kg6 34. Rc8) 33... Rd5 34. Ra7 Rxb5 35. Rcxc7 Rxc7 $2 (35... Nc6 $1 $11 36. Rxe7+ Nxe7) 36. Rxc7+ $11 {[%mdl 4096] Endgame KRB-KRN} Kf8 37. Ba2 Rxb4 38. Bxe6 Rb2 39. Bf5 ({White should play} 39. h4 $18) 39... b5 40. g4 g6 41. Be6 Nd3 $2 {[%mdl 8192]} (41... Rd2 $16 {is a better chance.}) 42. Rf7+ $18 {[%mdl 64] Double Attack} Ke8 43. Rxf6 Ke7 44. Rxg6 (44. g5 $142) 44... Rxf2+ 45. Kg3 {Threatens to win with Bf5.} Re2 46. Bf5 $1 {And now Re6+ would win.} Rxe3+ {[#]} 47. Kh4 $1 Nf4 $2 (47... Ne5 $16 48. Rh6 b4) 48. Rb6 Rh3+ (48... Re5 {is a better defense.} 49. Kg3 Ne2+ 50. Kf2 Nd4) 49. Kg5 Ng2 (49... Nd5 $142 50. Rxb5 Kd6) 50. Rb7+ Kd6 51. Rxb5 Nh4 52. Rb2 $2 (52. Be4 Rxh2 53. Kf4) 52... Nf3+ 53. Kf4 Nxh2 {[#]} 54. g5 $1 Rh4+ 55. Kg3 {[%mdl 64] Double Attack} Rh5 56. Rxh2 (56. Rb6+ $16 Kc5 57. Rg6 Nf1+ 58. Kf4 Rh4+ 59. Ke5) 56... Rxg5+ $16 {KRB-KR. The position is equal.} 57. Kf4 Rg1 58. Rd2+ Kc5 59. Ke5 Re1+ 60. Be4 Rc1 61. Rd8 {Cut Off at move 61} Rc3 62. Rd7 Rc4 63. Bd3 {Threatening mate with Rc7+.} Rc3 64. Rd8 Kb6 65. Kd4 Rc6 66. Be4 Kc7 67. Rh8 Re6 68. Bd5 Rd6 69. Kc5 Rc6+ 70. Kd4 (70. Kb4 {seems wilder.} Rc1 71. Rh6 Kc8 72. Be4 Re1 73. Bf5+) 70... Rd6 71. Ra8 Rb6 72. Ra7+ Kd6 73. Rh7 Rb4+ 74. Bc4 Rb6 75. Rh5 Rc6 76. Rg5 Rb6 77. Bb5 Ke7 78. Kc5 Re6 79. Bd3 Rf6 80. Bf5 Rh6 81. Be4 Re6 82. Kd4 Kd6 83. Ra5 Rf6 84. Bf5 Kc7 85. Ke5 Kb6 86. Ra1 Rc6 87. Bd7 Rc7 88. Rd1 Kc5 89. Rd5+ Kc4 90. Be6 {White wants to mate with Rd7+.} Rc5 {White really could win this.  Weighted Error Value: White=0.33/Black=0.29} 1/2-1/2

[Event "Chinese-ch Women 2020"]
[Site "Xinghua"]
[Date "2020.12.20"]
[Round "2.5"]
[White "Song, Yuxin"]
[Black "Yuan, Ye"]
[Result "1-0"]
[WhiteElo "2290"]
[BlackElo "2081"]
[Annotator "TA"]
[PlyCount "39"]
[EventDate "2020.12.19"]
[EventType "tourn"]
[EventCountry "CHN"]
[SourceTitle "playchess.com"]
[Source "ChessBase"]
[SourceQuality "1"]

{[%evp 14,39,45,47,57,48,46,45,45,45,55,55,56,51,64,40,50,42,58,-15,79,77,63,74,67,79,80,51]} 1. e4 c5 2. Nf3 e6 3. d4 cxd4 4. Nxd4 a6 5. c4 Nf6 6. Nc3 Qc7 7. Be2 Bb4 8. Nc2 Be7 {B41: Sicilian: Kan Variation: 5 c4.} 9. O-O O-O 10. Be3 d6 {White is slightly better.} 11. Rc1 b6 {[#]} 12. f3 $146 ({Predecessor:} 12. Nd4 Bb7 13. f3 {½-½ (13) Khalifman,A (2617)-Kantsler,B (2436) Hersonissos 2017}) 12... Bb7 13. Qe1 Nbd7 14. Qf2 Rac8 15. Rfd1 Qb8 16. Na4 ({But not} 16. Bxb6 Nxb6 17. Qxb6 d5 $11) (16. Nd4 $14) 16... d5 (16... b5 $1 $11 {remains equal.} 17. cxb5 axb5 18. Bxb5 Bxe4) 17. exd5 $16 exd5 18. Nxb6 Nxb6 19. Bxb6 dxc4 20. Bd4 {Weighted Error Value: White=0.14/Black=0.21} 1-0